| 000 | 00934cab a2200277 4500 | ||
|---|---|---|---|
| 001 | WB3513-05 | ||
| 008 | 090401t1999 xxu||||| |||| 00| 0 eng d | ||
| 035 | _a(Sirsi) u92582 | ||
| 041 | _aeng | ||
| 245 | _aEuro entry `will boost construction spending` | ||
| 260 | _c1999 | ||
| 350 | _a0 | ||
| 490 |
_aBuilding _v(13) 1 April 1999, 11(1) |
||
| 520 | _aIf Britain joins the Euro, the main effects on the construction industry would be long-term low interest rates and higher spending on construction, according to the report UK Construction and the Euro, commissioned by Bovis. | ||
| 650 | _aCONSTRUCTION INDUSTRY | ||
| 650 | _aCONSTRUCTION INVESTMENT | ||
| 650 | _aECONOMIC FORECASTS | ||
| 650 | _aEURO | ||
| 650 | _aINFLATION | ||
| 650 | _aINTEREST RATES | ||
| 650 | _aMONETARY UNION | ||
| 650 | _aSINGLE EUROPEAN CURRENCY | ||
| 690 | _aBUILDING AND CONSTRUCTION-ECONOMICS | ||
| 942 | _n0 | ||
| 948 | _c07/04/1999 | ||
| 999 |
_c58675 _d58675 |
||